Music Quiz

Random Music or Lyrics Quiz

Wide Awake Lyrics Quiz Stats

 Plays Quiz not verified by Sporcle

Score 0/264 Timer 06:00
0 Plays Today
% Correct
I
99.5%
I
99.5%
I
99.5%
I
99.5%
I
99.5%
I
99.5%
I
99.5%
I
99.5%
I
99.5%
I
99.5%
I
99.5%
I
99.5%
I
99.5%
I
99.5%
I
99.5%
I
99.5%
I
99.5%
(I
99.5%
wide
98.7%
Wide
98.7%
Wide
98.7%
Wide
98.7%
Wide
98.7%
Wide
98.7%
Wide
98.7%
Wide
98.7%
(I'm
98.6%
I'm
98.6%
I'm
98.6%
I'm
98.6%
I'm
98.6%
I'm
98.6%
I'm
98.6%
I'm
98.6%
I'm
98.6%
I'm
98.6%
(I'm
98.6%
I'm
98.6%
(I'm
98.6%
(I'm
98.6%
(I'm
98.6%
(I'm
98.6%
(I'm
98.6%
(I'm
98.6%
awake)
98.5%
Awake)
98.5%
Awake)
98.5%
Awake)
98.5%
Awake)
98.5%
Awake)
98.5%
Awake)
98.5%
Awake)
98.5%
the
97.2%
the
97.2%
the
97.2%
the
97.2%
the
97.2%
The
97.2%
The
97.2%
the
97.2%
the
97.2%
the
97.2%
the
97.2%
the
97.2%
falling
92.8%
in
91.2%
in,
91.2%
in,
91.2%
an
88.8%
to
88.6%
to
88.6%
to
88.6%
to
88.6%
was
88.1%
was
88.1%
was
88.1%
no.
88.1%
was
88.1%
from
87.5%
from
87.5%
from
87.5%
from
87.5%
from
87.5%
from
87.5%
from
87.5%
from
87.5%
from
87.5%
dark.
85.4%
% Correct
Yeah
84.8%
Yeah
84.8%
Yeah,
84.8%
Yeah,
84.8%
Yeah,
84.8%
(Yeah
84.8%
cloud
84.6%
cloud
84.6%
cloud
84.6%
cloud
84.6%
cloud
84.6%
cloud
84.6%
nine.
84.3%
nine.
84.3%
nine.
84.3%
nine.
84.3%
nine.
84.3%
nine
84.3%
now
84.1%
now.
84.1%
now,
84.1%
now.
84.1%
so
84%
so
84%
so
84%
so
84%
on,
83.3%
on
83.3%
on
83.3%
on,
83.3%
on
83.3%
on.
83.3%
it
82.8%
it
82.8%
it
82.8%
it
82.8%
go
82.3%
go
82.3%
go
82.3%
go)
82.3%
hard
81.8%
know
81.8%
know
81.8%
know
81.8%
Falling
80.9%
falling
80.9%
falling
80.9%
falling
80.9%
falling
80.9%
falling
80.9%
what
80.5%
what
80.5%
what
80.5%
you
79%
You
79%
You
79%
You
79%
heart.
78.2%
tonight.
77.4%
tonight.
77.4%
tonight.
77.4%
then
77.3%
then
77.3%
Crashing
76.9%
Crashing
76.9%
Crashing
76.9%
with
76.5%
letting
76.4%
letting
76.4%
letting
76.4%
letting
76.4%
knew
76%
knew
76%
up
75.8%
up
75.8%
up
75.8%
wish
75.3%
wish
75.3%
open
74.8%
concrete.
74.1%
concrete.
74.1%
see
73.5%
And
73.1%
and
73.1%
(And
73.1%
high.
72.9%
high.
72.9%
high.
72.9%
% Correct
down.
72.5%
down.
72.5%
hurts.
72%
hurts.
72%
it's
71.3%
it's
71.3%
woke
70.6%
woke
70.6%
Gravity
70.1%
Gravity
70.1%
me
69.8%
that
69.7%
that
69.7%
sweet
69.6%
sweet
69.6%
Wouldn't
68%
dive
68%
wouldn't
68%
Wouldn't
68%
dive
68%
wouldn't
68%
every
66.9%
Not
66.8%
not
66.8%
bow
65.4%
bow
65.4%
did
63.7%
How
63.4%
any
63.1%
clear
62.6%
till
62.6%
till
62.6%
for
62.5%
made
62%
am
62%
made
62%
am
62%
read
61.8%
stars
61.8%
of
61.4%
of
61.4%
my
60.7%
Out
60.1%
out
60.1%
seems.
60%
everything
59.9%
long.
59.6%
wrong?
59.3%
always
56.6%
ain't
56.4%
lion's
55.8%
den.
54.8%
dreaming
54.5%
sleep.
53.5%
end.
53.4%
again.
53.3%
have
52.6%
born
52.4%
too
52.1%
over
51.8%
losing
50.4%
don't
50%
pretend.
49.8%
picked
49%
piece
48.9%
feet.
48.3%
late)
47.4%
hold
46.9%
story's
46.6%
trying
46.2%
bright
45.8%
myself,
44.3%
side.
44.2%
crumbling.
43.5%
anymore.
42.9%
landed
42.8%
seeing
42.4%
Castles
42%
nothing
41.7%
complete
41.4%
tried
41.3%
God
41.2%
Thunder
40.5%
knows
40%
blind
39.2%
rumbling.
39.1%
Need
37%
blue)
33.4%

You're not logged in!

Compare scores with friends on all Sporcle quizzes.
OR
Log In

Show Comments

Extras

Created Jun 26, 2012ReportNominate
Tags:Lyrics Quiz, awake, katy, Katy Perry, wide

Top Quizzes Today


Score Distribution

Your Account Isn't Verified!

In order to create a playlist on Sporcle, you need to verify the email address you used during registration. Go to your Sporcle Settings to finish the process.

Report this User

Report this user for behavior that violates our Community Guidelines.

Details: